| 000 | 00662cam a22002291 4500 | ||
|---|---|---|---|
| 001 | agr41000072 | ||
| 003 | DLC | ||
| 005 | 20260227110959.0 | ||
| 008 | 890605s1939 fr a 000 0 fre | ||
| 010 | _aagr41000072 | ||
| 035 | _a(OCoLC)23426934 | ||
| 040 |
_aDLC _cMiU _dOCoLC _dDLC |
||
| 042 | _apremarc | ||
| 050 | 0 | 0 |
_aQK621.M94 _bN32 |
| 100 | 1 |
_aNaumov, N. A. _q(Nikolaĭ Aleksandrovich), _d1888-1959. |
|
| 240 | 1 | 0 |
_aOpredelitelʹ mukorovykh. _lFrench |
| 245 | 0 | 0 | _aClés des mucorinées |
| 260 |
_aParis, _bP. Lechevalier, _c1939. |
||
| 300 |
_a2 p. _bl., 137, xxxvi p., 3 l. illus. _c25 cm. |
||
| 650 | 0 | _aMucorineae. | |
| 700 | 1 |
_aBuchet, Samuel, _etr. |
|
| 999 |
_c10078 _d10078 |
||